00383nam a2200157 a 450000100060000000300090000600800410001502000150005604000280007108200090009910000190010824500240012726000350015130000070018665000320019321549CO-ViMGA141112s2004 ck r 000 u spa d a8426132235 aCO-ViMGAbspacCO-ViMGA04aERLc1 aErlbruch, Wolf10aLos cinco horribles aBarcelona : bJuventud, c2001 a3014aCUENTOS INFANTILES ALEMANES